Self-service in academic libraries : future or fallacy? : proceedings of a conference organised by information services, University of Sunderland, in conjunction with SCONUL, held at St. Peter's campus, University of Sunderland, 24/26 June 1996

Αποθηκεύτηκε σε:
Λεπτομέρειες βιβλιογραφικής εγγραφής
Συλλογικό Έργο: University of Sunderland Information services, Society of College, National and University Libraries
Άλλοι συγγραφείς: McDonald, A.C (Επιμελητής έκδοσης), Stafford, Janet (Επιμελητής έκδοσης)
Μορφή: Βιβλίο
Γλώσσα:English
Δημοσίευση: Great Britain : University of Sunderland Press, c1997
Θέματα:
Ετικέτες: Προσθήκη ετικέτας
Δεν υπάρχουν, Καταχωρήστε ετικέτα πρώτοι!

MARC

LEADER 00000nam a2200000 i 4500
001 1/57741
008 040621s1997 eng d
020 |a 0-907679-94-3 
035 |l 10073824 
040 |a GR-MY-UA  |b gre  |e aacr 
041 0 |a eng 
082 0 |a 027.7  |2 (22) 
245 1 0 |a Self-service in academic libraries :  |b future or fallacy? : proceedings of a conference organised by information services, University of Sunderland, in conjunction with SCONUL, held at St. Peter's campus, University of Sunderland, 24/26 June 1996 /  |c edited by Andrew McDonald and Janet Stafford 
260 |a Great Britain :   |b University of Sunderland Press,   |c c1997 
300 |a 188 σ.;  |b εικ.;  |c 25 εκ. 
504 |a Περιλαμβάνει βιβλιογραφίες και ευρετήριο 
650 0 0 |a Library science  |x Technological innovations  |z Great Britain  |x Congresses. 
650 0 0 |a Libraries  |z Great Britain  |x Automation  |x Congresses. 
650 0 0 |a Public services (Libraries)  |z Great Britain  |x Congresses. 
700 1 |a McDonald, A.C.  |4 edt 
700 1 |a Stafford, Janet.  |4 edt 
710 2 |a University of Sunderland  |b Information services. 
710 2 |a Society of College, National and University Libraries. 
852 |a INST  |b SYROS  |e 20040621  |h 027.7 SEL  |p 005500007174  |q 005500007174  |t BK  |y 0 
901 |a BIBL5-2007-3 
909 |a Ε  |b 112074 
922 |a 5ΕΛΗ  |b 200307  |c ΒΙΒΛΙΟΘΗΚΗ ΣΥΡΟΥ  |d ΠΑΠΑΣΩΤΗΡΙΟΥ 
950 |a 188-2003-07-04  
970 |a ΚΑΓΙΑΒΑ  |b ΕΙΡΗΝΗ  |z 2007/09/18